000 00508nam a2200181Ia 4500
999 _c36999
_d36999
003 OSt
005 20210125121921.0
008 190216s9999||||xx |||||||||||||| ||und||
020 _a9788177290127
040 _coclc
082 _a330
_bRAO/U
100 _aRao, S K R
_98428
245 0 _aUGC NET / SLET Paper II Economics /
_cS K R Rao
260 _bCosmos Bookhive Publishers,
_aNew Delhi:
300 _a661p
650 _aReferences
942 _cREF
_2ddc
_h330
_iRAO/U
_k330
_mRAO/U